=LDR 00000nam 2200000 4500 =001 INLIS000000000048701 =005 20161220005846.0 =006 =007 =008 =035 ##$$0010-121600000000087 =082 ##$$a 347.017 =090 ##$$a 347.017 Suk b =100 ##$$a Prof. Drs. Soerjono Soekanto, S.H, M.A =245 ##$$a Bantun Hukum Suatu Tinjauan Sosio Yuridis =260 ##$$a Jakarta $b Balai Aksara $c 1983 =300 ##$$a 253 hlm $c 24 cm =990 ##$$a 0001/BPAP-NTB/2016